Génesis de un pensamiento: cartas 1914-1919
I tiakina i:
| Kaituhi matua: | |
|---|---|
| Hōputu: | Pukapuka |
| Reo: | Pāniora |
| I whakaputaina: |
Madrid
Taurus
1965
|
| Rangatū: | Ensayistas de hoy, 36
|
| Ngā marau: | |
| Ngā Tūtohu: |
Tāpirihia he Tūtohu
Kāore He Tūtohu, Me noho koe te mea tuatahi ki te tūtohu i tēnei pūkete!
|
MARC
| LEADER | 00000nam a2200000 a 4500 | ||
|---|---|---|---|
| 001 | UCY1807 | ||
| 003 | CL-VaPUC | ||
| 008 | 940921e19650000SP |||||||||||||||||spa|d | ||
| 082 | 0 | 4 | |a 922 |b TEI |2 21 |
| 100 | 0 | |a Teilhard de Chardin, Pierre |e author |9 315457 | |
| 245 | 1 | 0 | |a Génesis de un pensamiento: cartas 1914-1919 |
| 300 | |a 371 p | ||
| 942 | |c BK | ||
| 945 | |d 19940921 00:00:00 |a aalvarez | ||
| 260 | |a Madrid |b Taurus |c 1965 | ||
| 600 | 0 | 7 | |a TEILHARD DE CHARDIN, PIERRE |2 CL-VaPUC |9 315457 |
| 650 | 0 | |a Correspondencia |9 258963 | |
| 583 | |a last modification |c 19940921 00:00:00 |k Rodrigo Vera | ||
| 490 | 0 | |a Ensayistas de hoy, 36 | |
| 999 | |c 230397 |d 230395 | ||
| 952 | |0 0 |1 0 |4 0 |6 922_000000000000000_TEI_1965 |7 0 |8 A |9 232624 |a BIBEDU |b BIBEDU |d 2019-11-15 |i 3014312 |o 922 TEI 1965 |p 3014312 |r 2019-11-15 |w 2019-11-15 |y BK |k EDU | ||
| 952 | |0 0 |1 0 |4 0 |6 922_000000000000000_TEI_1965 |7 0 |8 A |9 232625 |a BIBTEO |b BIBTEO |d 2019-11-15 |i 3370496 |o 922 TEI 1965 |p 3370496 |r 2025-01-17 |w 2019-11-15 |y BK |k ICR | ||